01387cam a22003853a 450000100090000000300040000900500170001300800410003001000170007102000250008802000220011303500240013504000250015904200140018405000280019808200130022610000280023924500370026725000250030426000730032930000210040249000130042349000220043650000580045852001860051665000230070265000250072565000240075065000230077465000500079765100330084765500280088065500310090871000620093918068012OSt20250627112005.0140314t20122008nyu j 000 f eng  a 2013659904 a9780316226134 (pbk.) a0316226130 (pbk.) a(OCoLC)ocn809939216 aNYPcNYPdOCLCOdDLC alccopycat00aCPB Box no. 3753 vol. 2 a813.6MEY1 aMeyer, Stephenie,d200810aBreaking dawn cStephenie Meyer. a2nd media tie-in ed. aNew York :bMegan Tingley Books/Little, Brown and Co.,c2012, c2008. a702 p. ;c18 cm.0 aMT books0 aThe Twilight saga aOriginally published: New York : Little, Brown, 2008. aAlthough eighteen-year-old Bella joins the dark but seductive world of the immortals by marrying Edward the vampire, her connection to the powerful werewolf Jacob remains unsevered. 0aVampiresvFiction. 0aWerewolvesvFiction. 0aParanormal fiction. 0aMarriagevFiction. 0aTriangles (Interpersonal relations)vFiction. 0aWashington (State)vFiction. 7aFantasy fiction.2gsafd 7aYoung adult fiction.2lcsh2 aCopyright Paperback Collection (Library of Congress)5DLC